000 00910nam a2200253Ia 4500
003 OSt
005 20220918171435.0
006 a|||||r|||| 00| 0
007 ta
008 220917b |||||||| |||| 00| 0 eng d
020 _a9781783304226 (pbk)
_cUKP 74.95
024 _a353,642
037 _bIN2751/19-20, 06/03/2020, Shankar's Book Agency Pvt. Ltd.
_cTextual
040 _aARTS
_cARTS
_beng
041 _2eng
_aeng
082 _aT:3(D65,8(2:55)), R0
100 _aGoldstein Stephane Ed.
_936554
245 0 _aInformed societies
_b why information literacy matters for citizenship, participation and democracy
260 _aLondon
_bFacet Ppublishing UK
_c2020
300 _axxi,235p.
_ccm.
650 _aLIBRARY SCIENCE
942 _hT:3(D65,8(2:55)), R0
_cTEXL
_2CC
999 _c139557
_d139557